000 00729pam a2200229 a 4500
001 2579273
005 20180220093603.0
008 960426s1996 mdua b 001 0 eng
010 _a 96020321
020 _a083420844X
040 _aDLC
_cDLC
_dDLC
041 _aeng
080 _a362.1 FOX
082 0 0 _a362.1 FOX
_220
100 _a3
101 _aSHM
245 0 0 _aManaged care and chronic illness :
_cedited by Peter D. Fox, Teresa Fama.
504 _aIncludes bibliographical references and index.
906 _a7
_bcbc
_corignew
_d1
_eocip
_f19
_gy-gencatlg
942 _2ddc
_cBK
999 _c42959
_d42959